| 000 | 00704nam a2200193 a 4500 | ||
|---|---|---|---|
| 001 | 3005 | ||
| 005 | 20140414131959.0 | ||
| 008 | 060103s19uu xx 00 eng d | ||
| 020 | _a0-439-28044-3 | ||
| 050 |
_aTR 418.4 _bB35 2004 |
||
| 100 | _aBeech, Linda Ward | ||
| 245 |
_a240 vocabulary words 4th grade kids need to know / _cby Linda Ward Beech. |
||
| 260 |
_aNew York : _bScholastic Teaching Resources, _c2004. |
||
| 300 | _a80 p. : ill. ; cm. | ||
| 520 | _a24 ready-to-reproduce packets that make vocabulary building fun and effective. | ||
| 650 |
_aEnglish language _xStudy and teaching _xJuvenile literature. |
||
| 650 |
_aReading _xStudy and teaching _xJuvenile literature. |
||
| 999 |
_c113032 _d113032 |
||